Samizdat pre mňa znamenal ...

Bibliographic Details
Main Author: Matejovič, Pavel, 1963- (Author)
Format: Article
Language:Slovak
Subjects:

MARC

LEADER 00000nab a2200000 a 4500
001 vtls009623292
003 SK-MaSNL
005 20260303184955.0
008 131118c2009 xo |r|p|||||||000 b|slo
015 |a SNBRB2009/07  |2 snkbucl 
038 |a SNKBUCL 
040 |a SNKBUCL  |b slo  |c SNKBUCL  |e AACR2 
041 0 |a slo 
044 |a xo  |c SK 
080 |a 098.1  |x (437)  |x "19"  |2 2001 
080 |a 82:098.1  |x (437)  |x "19"  |2 2001 
100 1 |a Matejovič, Pavel,  |d 1963-  |4 aut  |9 112369 
245 1 0 |a Samizdat pre mňa znamenal ...  |c Pavel Matejovič 
500 |a V rubrike Návraty do strateného času 
500 |a Redakčná poznámka 
600 1 7 |a Matejovič, Pavel,  |d 1963-  |2 snkbucl  |9 112369 
650 0 7 |a samizdat  |2 snkbucl  |9 93530 
650 0 7 |a samizdatová literatúra  |2 snkbucl  |9 83689 
655 7 |a ankety  |2 snkbucl  |9 54526 
773 0 |t Romboid  |g Roč. XLIV, č. 4 (2009), s. 97  |x 0231-6714 
852 |a SNK  |b KIS3GCP 
958 |a LX 
958 |a SK 
958 |a CZ 
999 |c 2129113  |d 2131043